[Event "6. Bayer Open"]
[Site "Leverkusen"]
[Date "2009.03.02"]
[Round "4"]
[White "Böhm, Stefan"]
[Black "Wieland, Ingo"]
[Result "1/2-1/2"]
[WhiteElo "1976"]
[BlackElo "1725"]
[PlyCount "64"]
[EventDate "2009.??.??"]
[SourceDate "2009.01.13"]

1. d4 d5 2. c4 c6 3. Nc3 Nf6 4. Bg5 e6 5. Nf3 Nbd7 6. e3 Be7 7. Bd3 O-O 8. O-O
dxc4 9. Bxc4 Nd5 10. Bxe7 Qxe7 11. e4 Nxc3 12. bxc3 b6 13. e5 Bb7 14. Qe2 Rfd8
15. Bd3 c5 16. Be4 Bxe4 17. Qxe4 Nf8 18. Rfd1 Rac8 19. h4 cxd4 20. cxd4 h6 21.
Qg4 Qb4 22. Rd2 Ng6 23. Rad1 Ne7 24. Rd3 Rc2 25. a3 Qb2 26. Nd2 Rc3 27. Ne4
Rxd3 28. Rxd3 Nf5 29. Nc3 Rc8 30. Ne4 Rd8 (30... Rc1+ 31. Rd1 (31. Kh2 $4 Qb1
$19) 31... Qxa3 $19) 31. Nc3 Rc8 32. Ne4 Rd8 1/2-1/2

[Event "6. Bayer Open"]
[Site "Leverkusen"]
[Date "2009.03.02"]
[Round "4"]
[White "Wulfken, Christof"]
[Black "Witte, Volker"]
[Result "1/2-1/2"]
[WhiteElo "1893"]
[BlackElo "1662"]
[PlyCount "70"]
[EventDate "2009.??.??"]
[SourceDate "2009.01.13"]

1. d4 Nf6 2. Nf3 g6 3. c4 Bg7 4. Nc3 d6 5. e4 O-O 6. Be2 e5 7. dxe5 dxe5 8.
Qxd8 Rxd8 9. Bg5 Re8 10. Nd5 Nxd5 11. cxd5 c6 12. dxc6 Nxc6 13. Bb5 Re6 14. Rc1
Nd4 15. Nxd4 exd4 16. Bd3 Rc6 17. Rxc6 bxc6 18. O-O Be6 19. b3 a5 20. Rb1 f6
21. Bf4 Bf8 22. Kf1 Be7 23. Ke2 Kf7 24. Bc7 Bb4 25. Bb6 c5 26. Bc7 a4 27. Bc4
axb3 28. Bxe6+ Kxe6 29. axb3 Ra2+ 30. Kf3 g5 31. g4 Ra7 32. Bg3 Rd7 33. Rd1 Bc3
34. Ke2 Rb7 35. Kd3 Rxb3 1/2-1/2

[Event "6. Bayer Open"]
[Site "Leverkusen"]
[Date "2009.03.02"]
[Round "4"]
[White "Schimpf, Rolf"]
[Black "Jakobi, Reik"]
[Result "1/2-1/2"]
[WhiteElo "1763"]
[BlackElo "1634"]
[PlyCount "58"]
[EventDate "2009.??.??"]
[SourceDate "2009.01.13"]

1. c4 c5 2. Nc3 Nf6 3. g3 d5 4. cxd5 Nxd5 5. Bg2 Nxc3 6. bxc3 e5 7. d3 Be7 8.
Rb1 Qc7 9. Nf3 O-O 10. O-O Nc6 11. Qc2 Be6 12. Rd1 Rac8 13. Bg5 f6 14. Be3 Rfd8
15. Rb5 a6 16. Rb2 b5 17. Nd2 Nd4 18. cxd4 cxd4 19. Qxc7 Rxc7 20. Bxd4 Rxd4 21.
Nb3 Rb4 22. Rdb1 Rc3 23. Bb7 a5 24. Nxa5 Rxb2 25. Rxb2 Bh3 26. Nb3 Ba3 27. Bd5+
Kf8 28. Rd2 Bb4 29. Rb2 Ba3 1/2-1/2

[Event "6. Bayer Open"]
[Site "Leverkusen"]
[Date "2009.03.02"]
[Round "4"]
[White "Baier, Uwe"]
[Black "Karwatzki, Hans-Jürgen"]
[Result "1-0"]
[WhiteElo "1719"]
[BlackElo "1674"]
[PlyCount "54"]
[EventDate "2009.??.??"]
[SourceDate "2009.01.13"]

1. e4 e5 2. Nf3 Nc6 3. d4 exd4 4. c3 d3 5. Bxd3 Bc5 6. O-O Nf6 7. e5 Ng4 8. b4
Bb6 9. Qe2 h5 10. Bg5 Ne7 11. c4 a6 12. Nc3 c6 13. Ne4 Kf8 14. Bh4 Rh6 15. c5
Bc7 16. Nd6 f6 17. exf6 Nxf6 18. Bg5 Rh8 19. Ne5 Bxd6 20. cxd6 Ned5 21. Bg6 Qb6
22. a3 Qd4 23. Rfe1 Rh6 24. Qf3 Rxg6 25. Nxg6+ Kg8 26. Rad1 Qc3 27. Ne7+ Kh8
1-0

[Event "6. Bayer Open"]
[Site "Leverkusen"]
[Date "2009.03.02"]
[Round "4"]
[White "Granz, Thomas"]
[Black "Müller, Tim"]
[Result "1/2-1/2"]
[WhiteElo "1651"]
[BlackElo "1609"]
[PlyCount "101"]
[EventDate "2009.??.??"]
[SourceDate "2009.01.13"]

1. e4 e6 2. Nf3 d5 3. exd5 exd5 4. d4 Nf6 5. Be3 Bg4 6. Nbd2 Bd6 7. Bd3 O-O 8.
O-O Nbd7 9. c4 c6 10. c5 Bc7 11. b4 Re8 12. Qc2 Bh5 13. a4 Bg6 14. Bxg6 fxg6
15. Rfb1 a6 16. Qd3 Ng4 17. Re1 Nxe3 18. fxe3 Nf6 19. e4 dxe4 20. Nxe4 Nxe4 21.
Rxe4 Qd5 22. Rae1 Kf8 23. Ne5 Rad8 24. Qf3+ Kg8 25. Qg4 Bxe5 26. Rxe5 Rxe5 27.
dxe5 Qd4+ 28. Qxd4 Rxd4 29. b5 axb5 30. axb5 cxb5 31. Rb1 b4 32. Kf2 Rc4 33.
Ke3 Rxc5 34. Kd4 Rc7 35. Rxb4 Kf7 36. Rb6 Ke7 37. h3 Rd7+ 38. Ke4 Rc7 39. g4
Kf7 40. g5 Ke7 41. h4 Rd7 42. e6 Rd6 43. Rxb7+ Kxe6 44. Rxg7 Rd7 45. Rxd7 Kxd7
46. Kd5 Ke7 47. Ke5 Kf7 48. Kd6 Kf8 49. Ke6 Kg7 50. Ke7 Kg8 51. Kf6 1/2-1/2

[Event "6. Bayer Open"]
[Site "Leverkusen"]
[Date "2009.03.02"]
[Round "4"]
[White "van Kempen, Susanne"]
[Black "Weinmann-Musset, Manfred"]
[Result "0-1"]
[WhiteElo "1612"]
[BlackElo "1893"]
[PlyCount "126"]
[EventDate "2009.??.??"]
[SourceDate "2009.01.13"]

1. e4 c5 2. c3 Qa5 3. Nf3 Nc6 4. Bc4 e6 5. O-O b5 6. Bb3 c4 7. Bc2 Bb7 8. d4
cxd3 9. Qxd3 Rd8 10. Bf4 d6 11. Nd4 a6 12. b4 Qc7 13. Nxc6 Qxc6 14. a4 Nf6 15.
axb5 axb5 16. Na3 Nxe4 17. Qxb5 Nxc3 18. Qxc6+ Bxc6 19. Bd2 Ne2+ 20. Kh1 Nd4
21. Rfc1 Be7 22. Be3 Ne2 23. Re1 Bf6 24. Rxe2 Bxa1 25. b5 Bd5 26. b6 O-O 27.
Bd3 Ra8 28. Nb5 Bf6 29. Re1 Be7 30. Nc7 Bb7 31. Nxa8 Rxa8 32. Rc1 Bd8 33. Kg1
Kf8 34. f3 Ra3 35. Be4 Rxe3 36. Bxb7 Bxb6 37. Kf1 Ke7 38. Rc8 Rb3 39. Bc6 h5
40. Re8+ Kf6 41. Rb8 Rb1+ 42. Ke2 Rb2+ 43. Kd3 Bd4 44. Rxb2 Bxb2 45. Ke3 g5 46.
g3 Bc1+ 47. Kd3 d5 48. h3 h4 49. g4 Ke7 50. Kd4 Kd6 51. Be8 f6 52. Bg6 Bb2+ 53.
Ke3 Ke5 54. Bf7 d4+ 55. Ke2 f5 56. Kf2 Bc1 57. Ke2 Be3 58. Kd3 fxg4 59. fxg4
Kf4 60. Bxe6 Kg3 61. Ke2 Kxh3 62. Kf3 Kh2 63. Bc4 Kg1 0-1

[Event "6. Bayer Open"]
[Site "Leverkusen"]
[Date "2009.03.02"]
[Round "4"]
[White "Sockel, Karl-Heinz"]
[Black "Neumann, Thomas"]
[Result "1-0"]
[WhiteElo "1932"]
[BlackElo "1567"]
[PlyCount "59"]
[EventDate "2009.??.??"]
[SourceDate "2009.01.13"]

1. c4 Nf6 2. Nc3 e6 3. Nf3 d5 4. e3 c5 5. d4 cxd4 6. exd4 dxc4 7. Bxc4 Be7 8.
O-O O-O 9. Bf4 Nc6 10. a3 b6 11. Qd3 Bb7 12. Rfd1 Nh5 13. Ne2 Nxf4 14. Nxf4 Bd6
15. Ne2 Qf6 16. Ng3 Bc7 17. Rac1 Rac8 18. Ba6 Bxa6 19. Qxa6 Bf4 20. Nh5 Qf5 21.
Nxf4 Qxf4 22. Ne5 Ne7 23. Rc3 f6 24. Nf3 Rc7 $2 (24... Rxc3 $11) 25. Qe2 Kf7
26. Re1 Re8 27. Qxe6+ Kf8 28. g3 Rxc3 29. gxf4 Rxf3 30. d5 1-0

[Event "6. Bayer Open"]
[Site "Leverkusen"]
[Date "2009.03.02"]
[Round "4"]
[White "Runte, Dirk"]
[Black "Jiritschka, Wolfgang"]
[Result "0-1"]
[WhiteElo "1610"]
[BlackElo "1847"]
[PlyCount "102"]
[EventDate "2009.??.??"]
[SourceDate "2009.01.13"]

1. d4 d5 2. g3 Nf6 3. Bg2 e6 4. Nf3 c5 5. O-O Nc6 6. c4 Be7 7. Nc3 O-O 8. cxd5
exd5 9. Be3 b6 10. Rc1 Bb7 11. Na4 c4 12. Bf4 Rc8 13. Ne5 b5 14. Nxc6 Rxc6 15.
Nc3 b4 16. Nb1 Ra6 17. b3 c3 18. Nxc3 bxc3 19. Rxc3 Rxa2 20. Rc7 Ba6 21. Re1
Bb4 22. Qb1 Rxe2 23. Rxe2 Bxe2 24. Qa2 Re8 25. Qxa7 Bh5 26. Bh3 Qa8 27. Qxa8
Rxa8 28. Rb7 Bf8 29. g4 Bxg4 30. Bxg4 Nxg4 31. b4 Nf6 32. Kg2 Ne4 33. f3 Nc3
34. Rd7 Bxb4 35. Rb7 Bf8 36. Rb3 Rc8 37. Bd2 Ne2 38. Kf2 Nxd4 39. Rd3 Bc5 40.
Kg2 Rd8 41. Ba5 Rd7 42. Rc3 Ne6 43. Rb3 f6 44. Rb8+ Kf7 45. Rc8 d4 46. Kg3 d3
47. Bd2 g5 48. Rh8 Kg6 49. Re8 Kf5 50. h4 Bd6+ 51. Kh3 Bf4 0-1

[Event "6. Bayer Open"]
[Site "Leverkusen"]
[Date "2009.03.02"]
[Round "4"]
[White "Bosbach, Jens"]
[Black "Balduan, Karl-Heinz"]
[Result "0-1"]
[WhiteElo "1844"]
[BlackElo "1464"]
[PlyCount "115"]
[EventDate "2009.??.??"]
[SourceDate "2009.01.13"]

1. d4 d5 2. Nf3 Bf5 3. e3 c6 4. c4 e6 5. Be2 Nf6 6. O-O Bd6 7. Nc3 Be4 8. Nxe4
dxe4 9. Nd2 h5 10. h3 g5 11. Qc2 g4 12. h4 g3 13. Nxe4 Nxe4 14. Qxe4 Qe7 15. d5
Nd7 16. dxe6 Qxe6 17. Qxe6+ fxe6 18. f4 O-O-O 19. b3 Nc5 20. Bb2 Rh6 21. Bd4
Ne4 22. Rf3 Rg8 23. Rd1 b6 24. Bd3 Nf2 25. Rd2 Rg4 26. Rdxf2 gxf2+ 27. Kxf2 Be7
28. g3 Bf6 29. Bxf6 Rxf6 30. f5 e5 31. e4 Rg8 32. Be2 Rd8 33. Ke3 Rg8 34. Kd3
Kd7 35. Kc3 Ke7 36. Re3 Rh8 37. b4 c5 38. a3 Rd6 39. Rf3 Kf6 40. Re3 Rd4 41. b5
Kg7 42. Rf3 Rxe4 43. Bd3 Re1 44. Kd2 Ra1 45. Be4 Kf6 46. Rd3 Ke7 47. Ke2 Ra2+
48. Kf3 Rh6 49. g4 hxg4+ 50. Kxg4 Rh8 51. Rh3 Ra1 52. Bd5 Rh7 53. h5 Kf6 54.
Be6 Rf1 55. h6 Rf4+ 56. Kg3 Rd4 57. Rh5 Rd1 $17 58. Bg8 $4 0-1

[Event "6. Bayer Open"]
[Site "Leverkusen"]
[Date "2009.03.02"]
[Round "5"]
[White "Skiber, Friedel"]
[Black "Domnick, Michael"]
[Result "1-0"]
[WhiteElo "1564"]
[BlackElo "1740"]
[PlyCount "91"]
[EventDate "2009.??.??"]
[SourceDate "2009.01.13"]

1. e4 d5 2. exd5 Qxd5 3. Nc3 Qd6 4. Bc4 Nf6 5. d3 Bg4 6. f3 Be6 7. Bd2 Bxc4 8.
dxc4 c6 9. Nge2 Nbd7 10. Nf4 Rd8 11. Qe2 e5 12. Nd3 Qe6 13. b3 Ba3 14. O-O Bd6
15. Be3 O-O 16. c5 Bc7 17. Nf2 Ba5 18. Nce4 Nd5 19. a3 Nxe3 20. Qxe3 Bc7 21.
Rad1 f5 22. Nd6 Nxc5 23. Nxf5 Qxf5 24. Qxc5 Bb6 25. Qc4+ Kh8 26. Qe2 Rxd1 27.
Rxd1 e4 28. Qc4 exf3 29. g3 Qh3 30. Qf1 Qe6 31. Re1 Qg6 32. Qc4 Rd8 33. Qf4 Qh5
34. c4 Qc5 35. Qd2 h6 36. Qb2 Qg5 37. Kf1 Rd2 38. Re8+ Kh7 39. Qb1+ g6 40. Ne4
Qf5 $4 {Kippt die Partie um 180 Grad...} (40... Rxh2 $3 41. Nxg5+ hxg5 $19) 41.
Nxd2 $18 Qh3+ 42. Ke1 f2+ 43. Ke2 h5 44. Qe4 Bc5 45. b4 Qxh2 46. Nf1 1-0

[Event "6. Bayer Open"]
[Site "Leverkusen"]
[Date "2009.03.02"]
[Round "4"]
[White "Buchfelder, Gerhard"]
[Black "Gnass, Arno"]
[Result "1/2-1/2"]
[WhiteElo "1455"]
[BlackElo "1685"]
[PlyCount "130"]
[EventDate "2009.??.??"]
[SourceDate "2009.01.13"]

1. e4 e5 2. Nf3 Nf6 3. Nxe5 d6 4. Nf3 Nxe4 5. Be2 Be7 6. d3 Nf6 7. O-O O-O 8.
Re1 Re8 9. Nc3 d5 10. Bg5 h6 11. Bh4 c5 12. h3 Nc6 13. Bg3 a6 14. Qd2 b5 15. a3
Bb7 16. Rad1 Qa5 17. Bh2 d4 18. Nb1 Qxd2 19. Nbxd2 Rad8 20. Nb3 Rd7 21. Bf1 a5
22. Be5 a4 23. Bxf6 axb3 24. Bxe7 bxc2 25. Rc1 Rdxe7 26. Rxe7 Nxe7 27. Nd2 b4
28. axb4 cxb4 29. Rxc2 Nc6 30. Nb3 Re1 31. Nc5 Ba8 32. Re2 Rxe2 33. Bxe2 Kf8
34. Bf3 Ke7 35. Nb3 Kd6 36. Nxd4 Nxd4 37. Bxa8 Ne2+ 38. Kf1 Nc1 39. d4 Nd3 40.
Ke2 Nxb2 41. Kd2 Na4 42. Kc2 Nb6 43. Be4 g6 44. Kb3 Nd5 45. g3 Nc3 46. Bf3 Nd5
47. Kc4 Ne7 48. Kxb4 f5 49. Kc4 g5 50. Be2 Nd5 51. Bd3 f4 52. Be4 Nf6 53. Bf3
Ke6 54. Kc5 fxg3 55. fxg3 Nd7+ 56. Kc6 Nf6 57. d5+ Ke7 58. Kc7 Ne8+ 59. Kc6 Nd6
60. g4 Nc4 61. Be4 Nd6 62. Bf5 Nc4 63. Kc7 Nd6 64. Bg6 Nc4 65. Bf5 Nd6 1/2-1/2

[Event "6. Bayer Open"]
[Site "Leverkusen"]
[Date "2009.03.02"]
[Round "4"]
[White "Azimi, Reza"]
[Black "Wirtz, Uwe"]
[Result "0-1"]
[WhiteElo "1437"]
[BlackElo "1773"]
[PlyCount "94"]
[EventDate "2009.??.??"]
[SourceDate "2009.01.13"]

1. e4 Nf6 2. e5 Nd5 3. Bc4 e6 4. d4 d6 5. Nf3 Nc6 6. c3 Nb6 7. Bd3 Be7 8. Be3
O-O 9. Qc2 h6 10. Nbd2 Nd5 11. Nf1 dxe5 12. dxe5 a6 13. O-O-O Qe8 14. h4 b5 15.
g4 b4 16. c4 Nxe3 17. Nxe3 Bb7 18. Be4 Bc5 19. g5 h5 20. g6 Rb8 21. gxf7+ Qxf7
22. Rhf1 b3 23. axb3 Nb4 24. Ng5 Nxc2 25. Nxf7 Nxe3 26. Ng5 Nxf1 27. Bxb7 Rxf2
28. Bxa6 Ra8 29. Kb1 Nd2+ 30. Rxd2 Rxd2 31. Ne4 Bb4 32. Nxd2 Bxd2 33. Bb5 Bb4
34. Bd7 Kf7 35. Kc2 Ra5 36. Bb5 Ra1 37. Kd3 Rh1 38. Bc6 Rxh4 39. Be4 Rh3+ 40.
Kc2 Re3 41. Bc6 Rxe5 42. Kd3 Kf6 43. Kd4 g5 44. Be8 h4 45. Bh5 Kf5 46. Bg4+ Kf4
47. Bh3 c5+ 0-1

[Event "6. Bayer Open"]
[Site "Leverkusen"]
[Date "2009.03.02"]
[Round "4"]
[White "van Kempen, Heinz"]
[Black "Fröhling, Ewald"]
[Result "1-0"]
[WhiteElo "1707"]
[BlackElo "1607"]
[PlyCount "95"]
[EventDate "2009.??.??"]
[SourceDate "2009.01.13"]

1. e4 e5 2. Nf3 Nc6 3. Bc4 Nf6 4. d4 d6 5. dxe5 dxe5 6. Qxd8+ Nxd8 7. Nxe5 Nxe4
8. O-O Bc5 9. Nd2 Nxd2 10. Bxd2 O-O 11. Bc3 Bf5 12. Rfe1 Be6 13. Bxe6 Nxe6 14.
Nd7 Rfe8 15. Rxe6 Bxf2+ 16. Kxf2 Rxe6 17. Nc5 Rh6 18. Nxb7 Rxh2 19. Be5 Rh5 20.
Re1 Rf5+ 21. Kg3 Re8 22. Bc3 Rxe1 23. Bxe1 Rb5 24. Na5 Rxb2 25. Nc6 Rxa2 26. c4
Rc2 27. Na5 Kf8 28. Kf3 Ke8 29. g3 Kd7 30. Ke3 Ke6 31. Kd3 Ra2 32. c5 Kd5 33.
Nb3 Rb2 34. Kc3 Re2 35. Bd2 h6 36. Kd3 Rg2 37. Bf4 c6 38. Bd6 h5 39. Nd4 g5 40.
Nc2 a5 $4 (40... Ke6 $19) 41. Ne3+ Ke6 42. Nxg2 Kd5 43. Ne3+ Ke6 44. Kc3 f5 45.
Kb3 h4 46. gxh4 gxh4 47. Ka4 h3 48. Kxa5 1-0

[Event "6. Bayer Open"]
[Site "Leverkusen"]
[Date "2009.03.02"]
[Round "4"]
[White "van Schyndel, Andreas"]
[Black "Hoeper, Heinz-Joachim"]
[Result "1-0"]
[WhiteElo "1672"]
[BlackElo "1402"]
[PlyCount "75"]
[EventDate "2009.??.??"]
[SourceDate "2009.01.13"]

1. d4 Nf6 2. c4 g6 3. Nc3 Bg7 4. e4 d6 5. h3 O-O 6. Nf3 b6 7. Bg5 Nbd7 8. Bd3
h6 9. Be3 Nh7 10. Qd2 e5 11. Bxh6 exd4 12. Bxg7 Kxg7 13. Nxd4 Nc5 14. Bc2 Qg5
15. Qxg5 Nxg5 16. O-O-O Nce6 17. Nde2 Nc5 18. b4 Nb7 19. f4 Nh7 20. Nb5 Bd7 21.
Nec3 a5 22. Nxc7 Rac8 23. N3d5 axb4 24. Kb2 Be6 25. Bb3 Nf6 26. Nxf6 Rxc7 27.
Nd5 Rc5 28. Nxb6 Na5 29. Rd4 Rc6 30. Nd5 Rb8 31. Rhd1 Nxb3 32. axb3 Ra6 33. Ra1
Rxa1 34. Kxa1 f5 35. exf5 Bxf5 36. g4 Be6 37. Nc7 Bd7 38. Rxd6 1-0

[Event "6. Bayer Open"]
[Site "Leverkusen"]
[Date "2009.03.02"]
[Round "4"]
[White "Ohst, Thomas"]
[Black "Kayser, Manfred"]
[Result "1-0"]
[WhiteElo "1684"]
[BlackElo "1314"]
[PlyCount "63"]
[EventDate "2009.??.??"]
[SourceDate "2009.01.13"]

1. e4 c5 2. Nf3 e6 3. Bc4 Nc6 4. d4 cxd4 5. Nxd4 Ne5 6. Bb3 Nf6 7. Qe2 Be7 8.
O-O h6 9. f4 Ng6 10. Kh1 a6 11. c4 Bc5 12. Nf3 Qc7 13. e5 Nh7 14. Nc3 Ne7 15.
Ne4 Nf5 16. Bc2 b6 17. a3 Bb7 18. b4 Bf8 19. g4 Bxe4 20. Bxe4 Rc8 21. gxf5 exf5
22. Bxf5 g6 23. Bh3 Be7 24. Bb2 Rg8 25. Rad1 Rd8 26. Rg1 Nf8 27. f5 Bg5 28.
Nxg5 hxg5 29. Rxg5 Nh7 30. Rg3 Kf8 31. Qf3 g5 32. Qd5 1-0

[Event "6. Bayer Open"]
[Site "Leverkusen"]
[Date "2009.03.02"]
[Round "4"]
[White "Kinnert, Reinhard"]
[Black "Reiter, Ute"]
[Result "0-1"]
[WhiteElo "1579"]
[BlackElo "1145"]
[PlyCount "70"]
[EventDate "2009.??.??"]
[SourceDate "2009.01.13"]

1. e4 e5 2. c4 c5 3. Nc3 Nf6 4. d3 Be7 5. Nf3 Nc6 6. Bg5 d6 7. Be2 O-O 8. O-O
Be6 9. Qd2 Nd4 10. Bd1 Nxf3+ 11. Bxf3 Kh8 12. Rab1 Rg8 13. b4 h6 14. Bh4 Nh7
15. Bxe7 Qxe7 16. bxc5 dxc5 17. Nd5 Qd7 18. Rb2 b6 19. Rfb1 Rab8 20. Be2 f6 21.
f4 g5 22. f5 Bxd5 23. cxd5 Qg7 24. Qd1 g4 25. a4 Qg5 26. a5 g3 27. h3 Qe3+ 28.
Kh1 Ng5 29. Qg1 Qf4 30. axb6 axb6 31. Bg4 Nf7 32. Rxb6 Rxb6 33. Rxb6 Rxg4 34.
hxg4 Qxg4 35. Qh2 $4 (35. Qe1 $11) 35... Qd1+ 0-1

[Event "6. Bayer Open"]
[Site "Leverkusen"]
[Date "2009.03.16"]
[Round "5"]
[White "Auer, Martin"]
[Black "Balduan, Markus"]
[Result "1/2-1/2"]
[WhiteElo "2242"]
[BlackElo "2290"]
[PlyCount "23"]
[EventDate "2009.??.??"]
[SourceDate "2009.01.13"]

1. e4 c5 2. Nf3 d6 3. d4 cxd4 4. Nxd4 Nf6 5. Nc3 g6 6. Be2 Bg7 7. O-O O-O 8.
Nb3 Nc6 9. Kh1 a6 10. Be3 b5 11. f3 Rb8 12. a4 1/2-1/2

[Event "6. Bayer Open"]
[Site "Leverkusen"]
[Date "2009.03.16"]
[Round "5"]
[White "Khanukov, Boris"]
[Black "Angermünde, Dirk"]
[Result "1-0"]
[WhiteElo "2361"]
[BlackElo "1966"]
[PlyCount "73"]
[EventDate "2009.??.??"]
[SourceDate "2009.01.13"]

1. d4 e6 2. c4 Nf6 3. Nc3 Bb4 4. Qc2 c5 5. dxc5 Na6 6. a3 Qa5 7. Bd2 Nxc5 8.
Rd1 Bxc3 9. Bxc3 Qa4 10. Qxa4 Nxa4 11. Bd4 b6 12. Nf3 Bb7 13. e3 Rc8 14. Nd2
Ke7 15. b3 Nc5 16. b4 Na6 17. f3 Rhd8 18. e4 d6 19. Be2 Nb8 20. Kf2 Nbd7 21. g4
Ne5 22. Rhg1 Ng6 23. Be3 d5 {Schwarz bietet Remis an.} 24. exd5 exd5 25. Rge1
Nd7 26. cxd5 Bxd5 27. Ba6 Nde5 28. Bd4 Kd6 29. Bxe5+ Nxe5 30. Ne4+ Ke6 31.
Bxc8+ Rxc8 32. Ng5+ Kd6 33. Rd2 Nc4 34. Nxf7+ Kc6 35. Ne5+ Nxe5 36. Rxe5 Rd8
37. b5+ 1-0

[Event "6. Bayer Open"]
[Site "Leverkusen"]
[Date "2009.03.16"]
[Round "5"]
[White "Peschel, Andreas"]
[Black "Wolfradt, Dirk"]
[Result "1/2-1/2"]
[WhiteElo "2084"]
[BlackElo "2078"]
[PlyCount "46"]
[EventDate "2009.??.??"]
[SourceDate "2009.01.13"]

1. Nf3 d5 2. g3 Nc6 3. d4 Bg4 4. Bg2 Qd7 5. h3 Bf5 6. Bf4 f6 7. c3 g5 8. Be3 h5
9. Qa4 Bh6 10. c4 g4 11. cxd5 gxf3 12. dxc6 fxg2 13. cxd7+ Bxd7 14. Qxd7+ Kxd7
15. Rg1 Bxe3 16. fxe3 f5 17. Kf2 h4 18. Nc3 hxg3+ 19. Kxg3 Nf6 20. Rxg2 Rag8+
21. Kf2 Rxh3 22. Rxg8 Nxg8 23. e4 fxe4 1/2-1/2

[Event "6. Bayer Open"]
[Site "Leverkusen"]
[Date "2009.03.16"]
[Round "5"]
[White "Kies, Werner"]
[Black "Rotstein, Jefim"]
[Result "0-1"]
[WhiteElo "1916"]
[BlackElo "2279"]
[PlyCount "58"]
[EventDate "2009.??.??"]
[SourceDate "2009.01.13"]

1. e4 c5 2. Nf3 e6 3. d4 cxd4 4. Nxd4 Nf6 5. Nc3 d6 6. Be2 a6 7. a4 Be7 8. Be3
Qc7 9. O-O b6 10. f4 Bb7 11. Bf3 Nbd7 12. Qe1 O-O 13. f5 e5 14. Nb3 Rac8 15.
Rd1 Qb8 16. Bg5 Rfe8 17. Rd2 b5 18. axb5 axb5 19. Bh4 b4 20. Nd5 Bxd5 21. exd5
Nb6 22. g4 e4 23. Bd1 Nfxd5 24. g5 Bf8 25. Nd4 Nc4 26. Re2 Nxb2 27. g6 fxg6 28.
fxg6 Nxd1 29. Rxe4 N1e3 0-1

[Event "6. Bayer Open"]
[Site "Leverkusen"]
[Date "2009.03.16"]
[Round "5"]
[White "Liebsch, Ulrich"]
[Black "Kniest, Oliver"]
[Result "0-1"]
[WhiteElo "1778"]
[BlackElo "2213"]
[PlyCount "70"]
[EventDate "2009.??.??"]
[SourceDate "2009.01.13"]

1. d4 Nf6 2. c4 e6 3. Nf3 d5 4. e3 b6 5. cxd5 exd5 6. Be2 Bb7 7. O-O Bd6 8. Ne5
O-O 9. Nc3 a6 10. f4 c5 11. Bd2 Nc6 12. Be1 cxd4 13. exd4 Nxd4 14. Bd3 Ne4 15.
Kh1 Nf5 16. Qh5 g6 17. Qe2 f6 18. Ng4 Qe7 19. Ne3 Nxe3 20. Qxe3 Nxc3 21. Qxe7
Bxe7 22. Bxc3 Bc5 23. b4 Be3 24. Rae1 d4 25. Bc4+ Kh8 26. Bb2 b5 27. Bb3 Rad8
28. h4 Rfe8 29. f5 Kg7 30. fxg6 hxg6 31. a4 Re4 32. Kh2 Rxh4+ 33. Kg3 Rh5 34.
Rxe3 Rg5+ 35. Kh2 Rxg2+ 0-1

[Event "6. Bayer Open"]
[Site "Leverkusen"]
[Date "2009.03.16"]
[Round "5"]
[White "Reinemer, Frank"]
[Black "Witte, Thomas"]
[Result "1-0"]
[WhiteElo "2151"]
[BlackElo "1704"]
[PlyCount "61"]
[EventDate "2009.??.??"]
[SourceDate "2009.01.13"]

1. d4 Nf6 2. c4 e5 3. dxe5 Ne4 4. a3 d6 5. Nf3 Nc6 6. Qc2 Bf5 7. Nc3 Ng3 8. e4
Nxh1 9. exf5 dxe5 10. g3 Bc5 11. Ne4 Bxf2+ 12. Nxf2 Nxf2 13. Kxf2 Qe7 14. Qe4
O-O-O 15. Bg2 Rd1 16. Bg5 Qd7 17. Nxe5 Qd4+ 18. Qxd4 Rxd4 19. Be3 Nxe5 20. Bxd4
Ng4+ 21. Kf3 Nxh2+ 22. Kf4 h5 23. Bh3 Ng4 24. Bxg7 Rg8 25. f6 Rd8 26. Re1 Rd4+
27. Re4 Rxe4+ 28. Kxe4 c6 29. Kf4 Kc7 30. Bxg4 hxg4 31. Kxg4 1-0

[Event "6. Bayer Open"]
[Site "Leverkusen"]
[Date "2009.03.16"]
[Round "5"]
[White "Buchkremer, Felix"]
[Black "Hirth, Ulrich"]
[Result "1-0"]
[WhiteElo "2040"]
[BlackElo "2089"]
[PlyCount "57"]
[EventDate "2009.??.??"]
[SourceDate "2009.01.13"]

1. e4 e6 2. d4 d5 3. e5 c5 4. c3 Nc6 5. Nf3 Qb6 6. Bd3 Bd7 7. O-O h5 8. dxc5
Bxc5 9. b4 Bf8 10. a4 Nh6 11. h3 g6 12. Qe2 Bg7 13. Ba3 Qc7 14. Re1 Ng4 15.
hxg4 hxg4 16. Nd4 Nxe5 17. g3 Bxa4 18. Bc1 Nxd3 19. Qxd3 Bd7 20. Bf4 Qc4 21.
Qd2 Qc8 22. Na3 a6 23. Nac2 f6 24. Nxe6 Bxe6 25. Nd4 Kf7 26. Nxe6 g5 27. Bxg5
fxg5 28. Qxd5 Qc6 29. Nd8+ 1-0

[Event "6. Bayer Open"]
[Site "Leverkusen"]
[Date "2009.03.16"]
[Round "5"]
[White "Gerdau, Andreas"]
[Black "Krauth, Alexander"]
[Result "0-1"]
[WhiteElo "1883"]
[BlackElo "2132"]
[PlyCount "137"]
[EventDate "2009.??.??"]
[SourceDate "2009.01.13"]

1. e4 c6 2. d4 d5 3. Nc3 dxe4 4. Nxe4 Bf5 5. Ng3 Bg6 6. Bc4 e6 7. N1e2 Nf6 8.
O-O Bd6 9. f4 Qd7 10. Bd3 Bxd3 11. Qxd3 g6 12. f5 gxf5 13. Bg5 Be7 14. Rae1 Na6
15. c4 Nc5 16. Qc2 Nce4 17. Nxe4 Nxe4 18. Bxe7 Qxe7 19. Rb1 Qg5 20. Nf4 Rd8 21.
Rbd1 O-O 22. b4 a6 23. a4 Rd6 24. c5 Rd7 25. b5 axb5 26. axb5 Rfd8 27. bxc6
bxc6 28. Qb2 e5 29. h4 Qxh4 30. Ne2 Qg5 31. Rf3 f4 32. Rdd3 Nxc5 33. Rg3 fxg3
34. Rxg3 Ne4 35. Rxg5+ Nxg5 36. Qc1 Ne6 37. Qxc6 Nxd4 38. Qe4 Nxe2+ 39. Qxe2
Re7 40. Qe4 Rf8 41. Qg4+ Kh8 42. Qf5 f6 43. Kf2 e4 44. Qc5 e3+ 45. Ke2 Rfe8 46.
Qd4 Re6 47. Qd7 Re4 48. Qc6 Kg7 49. Qc7+ R8e7 50. Qg3+ Kh6 51. Qd6 Kg5 52. Qd5+
R4e5 53. Qg8+ Kh6 54. Qf8+ Kg6 55. Qg8+ Rg7 56. Qa8 h5 57. Qc6 Rge7 58. Qc8 Kg7
59. Qc6 Rf5 60. Qd6 Kf7 61. Qd4 Rf2+ 62. Ke1 Rd2 63. Qc4+ Kg7 64. Qc5 Re5 65.
Qc7+ Kg6 66. Qb8 Kg5 67. Qb3 Kf4 68. Qc4+ Kg3 69. Qg8+ {
Hier endet die Notation aufgrund beiderseitiger Zeitnot.} 0-1

[Event "6. Bayer Open"]
[Site "Leverkusen"]
[Date "2009.03.16"]
[Round "5"]
[White "Pützkaul, Karl"]
[Black "Baier, Uwe"]
[Result "1/2-1/2"]
[WhiteElo "1821"]
[BlackElo "1719"]
[PlyCount "104"]
[EventDate "2009.??.??"]
[SourceDate "2009.01.13"]

1. d4 f5 2. g3 Nf6 3. Bg2 e6 4. Nf3 Be7 5. O-O O-O 6. c4 d6 7. Nc3 Qe8 8. Qc2
Na6 9. a3 c6 10. Rb1 Bd8 11. e4 Rb8 12. e5 dxe5 13. Nxe5 Bc7 14. Re1 Nd7 15.
Nxd7 Bxd7 16. d5 e5 17. Bf4 Qe7 18. Qd2 Qf6 19. Bg5 Qg6 20. Be7 e4 21. d6 Bb6
22. b4 Rf7 23. c5 Bd8 24. Bxd8 Rxd8 25. Ne2 b6 26. Nf4 Qh6 27. Bf1 b5 28. h4 g5
29. hxg5 Qxg5 30. Qe3 Re8 31. a4 Nb8 32. Be2 Rg7 33. Bh5 Rf8 34. Kg2 Qf6 35.
Rh1 bxa4 36. Ra1 Be6 37. Be2 Rb7 38. Nxe6 Qxe6 39. Qc3 Qf6 40. Bc4+ Kg7 41.
Qxf6+ Kxf6 42. Rxa4 Ke5 43. Rha1 h5 44. Be2 Rh8 45. Rxa7 Rxb4 46. Re7+ Kf6 47.
Raa7 Rd4 48. Rf7+ Kg6 49. Rg7+ Kf6 50. Raf7+ Ke6 51. Re7+ Kf6 52. Rgf7+ Kg6
1/2-1/2

[Event "6. Bayer Open"]
[Site "Leverkusen"]
[Date "2009.03.16"]
[Round "5"]
[White "Ziabari, Morteza"]
[Black "Axmann, Michael"]
[Result "1/2-1/2"]
[WhiteElo "1840"]
[BlackElo "1687"]
[PlyCount "66"]
[EventDate "2009.??.??"]
[SourceDate "2009.01.13"]

1. e4 e6 2. d4 d5 3. e5 c5 4. c3 Nc6 5. Nf3 Qb6 6. Bd3 Bd7 7. Bc2 Nge7 8. dxc5
Qxc5 9. Be3 Qa5 10. b4 Qc7 11. Bf4 Ng6 12. Bg3 a6 13. O-O Be7 14. h4 Qd8 15. h5
Nh4 16. Nd4 g6 17. h6 Nxd4 18. Qxd4 Nf5 19. Bxf5 gxf5 20. Bf4 Rg8 21. Nd2 Bg5
22. f3 Rg6 23. Qe3 Rc8 24. Rac1 Bb5 25. Rfd1 Bxf4 26. Qxf4 Qg5 27. Qxg5 Rxg5
28. Kf2 f4 29. c4 Bxc4 30. Nxc4 dxc4 31. Rd4 Rxe5 32. Rxf4 Rh5 33. Rcxc4 Rxc4
1/2-1/2